000
00237nam a2200097Ia 4500
005
20251222114347.0
008
251222s1900||||xx |||||||||||||| ||spa||
082
_a
DVD0120/C28/2006
245
0
_a
Don Pasquale: Gaetano Donizetti:
942
_c
DVD
999
_c
1072
_d
1072